BSOP header

Overcoming fear between Jews and Christians / (Record no. 13269)

MARC details
000 -LEADER
fixed length control field 01045nam a2200265 4500
008 - FIXED-LENGTH DATA ELEMENTS--GENERAL INFORMATION
fixed length control field 021008s1992 us 1 eng
020 ## - INTERNATIONAL STANDARD BOOK NUMBER
International Standard Book Number 0824512650
090 #0 - LOCALLY ASSIGNED LC-TYPE CALL NUMBER (OCLC); LOCAL CALL NUMBER (OCLC)
Classification number (OCLC) (R) ; Classification number, CALL (RLIN) (NR) BM535
Local cutter number (OCLC) ; Book number/undivided call number, CALL (RLIN) Ov2
245 10 - TITLE STATEMENT
Title Overcoming fear between Jews and Christians /
Statement of responsibility, etc edited by James H. Charlesworth; with Frank X. Blisard and Jerry L. Gorham.
260 ## - PUBLICATION, DISTRIBUTION, ETC. (IMPRINT)
Place of publication, distribution, etc New York :
Name of publisher, distributor, etc Crossroad Publishing,
Date of publication, distribution, etc c1992.
300 ## - PHYSICAL DESCRIPTION
Extent xix, 198 p.
490 1# - SERIES STATEMENT
Series statement Shared ground among Jews and Christians;
Volume number/sequential designation 3
500 ## - GENERAL NOTE
General note Papers presented at a conference
504 ## - BIBLIOGRAPHY, ETC. NOTE
Bibliography, etc Includes index
650 #4 - SUBJECT ADDED ENTRY--TOPICAL TERM
Topical term or geographic name as entry element Christianity and antisemitism
General subdivision Congresses.
650 #4 - SUBJECT ADDED ENTRY--TOPICAL TERM
Topical term or geographic name as entry element Christianity and other religions
General subdivision Judaism
-- Congresses.
650 #4 - SUBJECT ADDED ENTRY--TOPICAL TERM
Topical term or geographic name as entry element Fear
General subdivision Religious aspects
-- Christianity
-- Congresses.
650 #4 - SUBJECT ADDED ENTRY--TOPICAL TERM
Topical term or geographic name as entry element Fear
General subdivision Religious aspects
-- Judaism
-- Congresses.
650 #4 - SUBJECT ADDED ENTRY--TOPICAL TERM
Topical term or geographic name as entry element Judaism
General subdivision Relations
-- Christianity
-- Congresses.
700 1# - ADDED ENTRY--PERSONAL NAME
Personal name Blisard, Frank X.
700 1# - ADDED ENTRY--PERSONAL NAME
Personal name Charlesworth, James H.
700 1# - ADDED ENTRY--PERSONAL NAME
Personal name Gorham, Jerry L.
951 ## - EQUIVALENCE OR CROSS-REFERENCE-GEOGRAPHIC NAME/AREA NAME [OBSOLETE] [CAN/MARC only]
-- 25377
-- BM535/Ov2
-- 070613111153796
-- 2000-12-21
-- GC
Holdings
Withdrawn status Lost status Damaged status Not for loan Home library Current library Shelving location Date acquired Accession number Shelving control number Total Checkouts Full call number Date last seen Price effective from Koha item type
        BSOP Library BSOP Library GC 12/21/2000 25377 127   BM535/Ov2 02/23/2013 02/23/2013 Books
BSOP

Biblical Seminary of the Philippines
  All rights Reserved
  © 2024

CONTACT INFORMATION

Biblical Seminary of the Philippines,
  77-B Karuhatan Road, Valenzuela City,
  PHILIPPINES 1441
  Phone: +632 8292-6795 / 8292-6798
  Fax : +632 8292-6675
  Email: library@bsop.edu.ph